000 00463cam a22001337a 4500
008 180718b1951 xxu||||| |||| 00| 0 eng d
082 _aI9x42 R576
100 _aRobson, William Alexander
245 _aJustice and administrative law: a study of the British constitution
_cby William Alexander Robson
260 _aLondon
_bStevens
_c1951
300 _axxxiii, 674p
650 _aConstitutional law --Great Britain
650 _aAdministrative courts --Great Britain
999 _c427623
_d427623